Análisis político Guatemala 1978 y sus implicaciones para el 79

Saved in:
Bibliographic Details
Main Author: González Quezada, Carlos (Author)
Format: Book
Language:Spanish
Published: Ciudad de Guatemala Instituto de Ciencias Políticas y Sociales, Universidad Rafael Landivar 1979
Series:Ciencia y Política, 2
Subjects:
Tags: Add Tag
No Tags, Be the first to tag this record!

MARC

LEADER 00000nam a2200000 a 4500
001 UCT6858
003 CL-VaPUC
008 970113e19790000GT |||||||||||||||||spa|d
082 0 4 |a 320.972  |b GON  |2 21 
100 0 |a González Quezada, Carlos  |e author  |9 377159 
245 1 0 |a Análisis político Guatemala 1978 y sus implicaciones para el 79 
300 |a 67 p 
942 |c BK 
945 |d 19970113 00:00:00  |a paguirre 
260 |a Ciudad de Guatemala  |b Instituto de Ciencias Políticas y Sociales, Universidad Rafael Landivar  |c 1979 
650 0 |a Ciencias Políticas  |9 255201 
650 0 |a Política  |9 255312 
650 7 |a SISTEMAS POLITICOS  |2 CL-VaPUC  |9 377160 
650 0 |a Acción política  |9 341245 
650 0 |a Partidos políticos  |9 254999 
650 0 |a Violencia  |9 255411 
651 0 |a Guatemala  |9 258335 
583 |a last modification  |c 19970113 00:00:00  |k Rodrigo Vera 
490 0 |a Ciencia y Política, 2 
999 |c 255528  |d 255526 
952 |0 0  |1 0  |4 0  |6 320_972000000000000_GON_1979  |7 0  |8 P  |9 277790  |a BIBDER  |b BIBDER  |d 2019-11-19  |i 1803425  |o 320.972 GON 1979  |p 1803425  |r 2023-01-25  |w 2019-11-19  |y BK  |k DER